000 00681nam a22002297a 4500
003 OSt
005 20260309085312.0
008 260309b |||||||| |||| 00| 0 eng d
020 _a 981-4057-57-6.
040 _aDWC-Main lib
_cOC
082 _22nd ed.
_aGen. 531.163 P999e 1999
100 _aJaan Kiusalaas
245 _aEngineering mechanics :
_bdynamics/
_cJaan Kiusalaas
250 _a 2nd ed.
260 _a Singapore :
_bThomson Learning Asia,
_cc1999.
300 _axi, 622 p. :
_bill. ;
_c 25 cm.
504 _aIncludes index.
650 _a1. Dynamics.
650 _a2. Engineering mechanics.
700 _aAndrew Pytel
942 _2ddc
_cGR
_e 2nd ed.
_kGen.
_n0
999 _c8780
_d8780